| 000 | 00495nam a2200169 4500 | ||
|---|---|---|---|
| 001 | 112427 | ||
| 003 | ES-MaACL | ||
| 005 | 20231229062532.0 | ||
| 007 | t| | ||
| 008 | 061121s1931 sp r ||||1| spa d | ||
| 100 | 1 |
_aOrtega y Gasset, José, _d1883-1955 _987503 |
|
| 245 | 1 | 3 |
_aLa redención de las provincias y la decencia nacional / _cJosé Ortega y Gasset. |
| 260 |
_aMadrid : _bGalo Sèz, _c1931. |
||
| 300 |
_a216 p. ; _c20 cm. |
||
| 852 |
_aES-MaACL _jB-12370 |
||
| 999 |
_c112427 _d112427 |
||